Statistics for European Countries by GDP Quiz

Click here to take the quiz!

General Stats

  • This quiz has been taken 1,443 times
    (758 since last reset)
  • The average score is 18 of 19

Answer Stats

GDPCountry% Correct
3,401Germany
100%
2,776France
99%
1,494Spain
99%
2,418United Kingdom
99%
2,199Italy
98%
1,850Russia
97%
538Sweden
97%
484Norway
96%
514Poland
96%
840Netherlands
94%
239Portugal
94%
419Austria
93%
266Finland
93%
636Switzerland
93%
513Belgium
92%
333Denmark
91%
303Greece
90%
218Ireland
87%
215Czech Republic
58%

Score Distribution

Percentile by Number Answered

Percent of People with Each Score

Your Score History

You have not taken this quiz since the last reset